[Event "CRO-ch 2019"]
[Site "Bjelovar"]
[Date "2019.04.10"]
[Round "10.4"]
[White "Kovacevic, Blazimir"]
[Black "Stevic, Hrvoje"]
[Result "1/2-1/2"]
[WhiteElo "2475"]
[BlackElo "2586"]
[Annotator "TA"]
[PlyCount "55"]
[EventDate "2019.04.01"]
[EventType "tourn"]
[EventCountry "CRO"]
[SourceTitle "playchess.com"]
[Source "ChessBase"]
[SourceQuality "1"]

{[%evp 21,55,12,4,19,17,18,24,0,0,0,7,0,0,-3,14,0,0,0,-7,-3,0,0,0,0,0,0,0,0,0,0,0,0,0,0,0,0]} 1. c4 c5 2. Nf3 Nc6 3. d4 cxd4 4. Nxd4 Nf6 5. Nc3 e6 6. a3 Be7 7. e4 O-O {A33: Symmetrical English: 2 Nf3 Nf6 3 d4 cxd4 4 Nxd4 e6 5 Nc3 Nc6} 8. Nf3 Qa5 9. Bd3 d5 10. cxd5 exd5 11. exd5 Nxd5 {[#] LiveBook: 3 Games} 12. Bxh7+ $1 {[%mdl 512]} Kxh7 13. Qxd5 Qa6 14. Qb5 (14. Bg5 {with more complications.} Bg4 15. Bxe7 Nxe7 16. Ng5+ Kg8 17. Qb5) 14... Qxb5 {The position is equal.} 15. Nxb5 {[#]} Bg4 $146 16. O-O Bxf3 17. gxf3 Bf6 18. Be3 Bxb2 19. Rab1 Bf6 20. Rfd1 a6 21. Nc7 Rad8 22. Rd5 Rxd5 23. Nxd5 b5 24. Nc7 Nb8 25. Ba7 Nd7 26. Be3 Nb8 27. Ba7 Nd7 28. Be3 {Accuracy: White = 69%, Black = 90%.} 1/2-1/2

[Event "CRO-ch 2019"]
[Site "Bjelovar"]
[Date "2019.04.10"]
[Round "10.5"]
[White "Martinovic, Sasa"]
[Black "Jovanic, Ognjen"]
[Result "1/2-1/2"]
[WhiteElo "2555"]
[BlackElo "2515"]
[Annotator "TA"]
[PlyCount "41"]
[EventDate "2019.04.01"]
[EventType "tourn"]
[EventCountry "CRO"]
[SourceTitle "playchess.com"]
[Source "ChessBase"]
[SourceQuality "1"]

{[%evp 24,41,-6,-6,-6,-10,-3,-5,-8,-13,-4,-18,15,0,0,0,0,0,0,0]} 1. d4 d5 2. c4 c6 3. Nc3 Nf6 4. e3 e6 5. Nf3 Nbd7 6. Bd3 dxc4 7. Bxc4 b5 8. Be2 Bb7 9. O-O Be7 10. e4 b4 11. e5 bxc3 12. exf6 Bxf6 13. bxc3 {The position is equal.} c5 {D47: Semi-Slav: Meran System} 14. dxc5 O-O 15. Ba3 Be7 $1 16. Qd4 Qc7 {[%cal Re7c5]} 17. Rab1 {[#] c6! is the strong threat.} Bc6 18. Qe3 Ba4 $146 ({Predecessor:} 18... Bxf3 19. Bxf3 Rab8 20. c6 Bxa3 21. cxd7 Qxd7 22. c4 Qe7 23. Rb5 Rxb5 24. cxb5 Rd8 25. Rd1 Rxd1+ 26. Bxd1 g6 {½-½ (26) Laxman,R (2387)-Ravi,T (2384) Lucknow 2016}) 19. Qe4 Bc6 20. Qe3 Ba4 21. Qe4 1/2-1/2

[Event "CRO-ch 2019"]
[Site "Bjelovar"]
[Date "2019.04.10"]
[Round "10.6"]
[White "Jovanovic, Zoran"]
[Black "Kozul, Zdenko"]
[Result "0-1"]
[WhiteElo "2511"]
[BlackElo "2589"]
[Annotator "TA RC"]
[PlyCount "120"]
[EventDate "2019.04.01"]
[EventType "tourn"]
[EventCountry "CRO"]
[SourceTitle "playchess.com"]
[Source "ChessBase"]
[SourceQuality "1"]

{[%evp 9,120,43,45,19,14,13,13,0,0,0,-11,-19,5,-60,-72,-87,-90,-86,-76,-71,-20,-25,-37,-66,0,0,0,0,0,0,0,0,0,0,-17,-31,-28,-29,-29,-29,-29,-39,-21,-45,0,0,0,0,0,0,0,0,0,-10,-5,-10,-10,-11,-11,-47,-47,-47,-47,-47,-47,-84,-99,-99,-99,-99,-99,-97,-96,-253,-241,-288,-110,-489,-517,-720,-693,-643,-583,-1132,-1290,-954,-604,-1594,-1480,-8745,-605,-2418,-605,-29952,-2397,-29962,-29964,-29972,-29973,-29972,-29974,-29973,-29975,-29974,-29976,-29976,-29973,-29977,-29978,-29979,-29979,-29978,-29979]} 1. e4 c5 2. Nf3 Nc6 3. Bb5 Nf6 4. Nc3 a6 5. Bxc6 dxc6 6. a4 {B30: Sicilian: 2...Nc6 3 Bb5, lines without ...g6} (6. h3 Qc7 7. d3 e5 8. Be3 h6 9. O-O g5 10. Nh2 Be6 11. Qf3 Nd7 12. Ne2 O-O-O 13. Ng3 Bd6 14. a3 {0-1 (47) Xu,Y (2456)-Dai,C (2418) Chengdu 2017}) 6... Bg4 7. h3 Bh5 8. a5 {The position is equal.} e6 9. g4 $146 ({Predecessor:} 9. Ra4 Qc7 10. d3 Bd6 11. Be3 Rd8 12. g4 Bg6 13. Qa1 O-O {0-1 (30) Usun,T (1917)-Simsek,H (1763) Antalya 2013}) 9... Bg6 10. Qe2 Nd7 11. Nd1 (11. d3 $11) 11... h5 $15 {Hoping for ...hxg4.} 12. Rg1 hxg4 13. hxg4 {[#]} c4 $1 {[%mdl 512]} 14. Qxc4 Qf6 15. Qe2 $1 Rh3 16. Rg3 Rxg3 17. fxg3 Ne5 18. Nh4 {Threatens to win with d4.} O-O-O 19. d3 Bb4+ 20. Bd2 Bxd2+ 21. Qxd2 {[#]} Bxe4 $1 {[%mdl 512]} 22. Qf4 (22. dxe4 Rxd2) 22... Bf3 23. Qxf6 gxf6 24. Nxf3 Nxf3+ $11 {[%mdl 4096] Endgame KRN-KRN} 25. Kf2 Ne5 26. Ne3 Rd4 27. Ke2 Kd8 28. b3 Ke7 29. Rh1 c5 30. Rh8 Rd8 31. Rh5 Rg8 32. Nc4 Rxg4 33. Nxe5 fxe5 {KR-KR} 34. Kf3 Rb4 35. Rxe5 Rb5 36. Rh5 Rxa5 37. b4 {[#]} Rb5 $1 38. bxc5 {[#]} b6 $1 39. d4 bxc5 40. dxc5 a5 41. Ke3 $2 (41. c4 $17 Rb3+ 42. Ke4) 41... a4 $19 42. Kd4 Rb4+ $2 (42... a3 $19 {has better winning chances. And now ...a2 would win.} 43. Rh1 a2) 43. c4 $2 {[%mdl 8192]} (43. Kc3 $17 Rg4 44. Rh8) 43... a3 {...a2 is the strong threat.} 44. Rh2 Ra4 45. Ra2 f5 46. c6 {intending Kc5.} Kd6 47. c7 Kxc7 48. Ke5 Kd7 49. Kf6 Ra6 (49... Kd6 $142 50. c5+ Kd5) 50. c5 Ra5 (50... Ra4 $142 51. c6+ Kxc6 52. Kxe6 Ra5) 51. c6+ Kd6 (51... Kxc6 $142 52. Kxe6 Kb5 53. Kxf5 Kb4+ 54. Kf6 Ra6+ 55. Kf5 Ra8 56. g4 Kb3 57. Rxa3+ Kxa3 58. g5 Kb3 59. g6 Kc4 60. g7 Kd4 61. Kf6 Ke4 62. Kf7 Kf5 63. g8=Q Rxg8 64. Kxg8) 52. c7 Kxc7 {Black mates.} 53. Kxe6 Kc6 54. Kf6 Kd6 55. Kg5 Ke5 56. Re2+ Kd4 57. Ra2 Kc4 58. Ra1 a2 59. Kf4 Kb3 60. Re1 a1=Q {Accuracy: White = 34%, Black = 75%.} 0-1

[Event "CRO-ch 2019"]
[Site "Bjelovar"]
[Date "2019.04.11"]
[Round "11.1"]
[White "Kozul, Zdenko"]
[Black "Bosiocic, Marin"]
[Result "0-1"]
[WhiteElo "2589"]
[BlackElo "2613"]
[Annotator "TA"]
[PlyCount "56"]
[EventDate "2019.04.01"]
[EventType "tourn"]
[EventCountry "CRO"]
[SourceTitle "playchess.com"]
[Source "ChessBase"]
[SourceQuality "1"]

{[%evp 15,56,7,19,17,27,21,6,-37,-29,-42,-29,-38,-24,-79,-53,-65,-25,-22,-14,-49,-58,-48,-56,-38,-39,-57,-44,-43,-39,-219,-217,-268,-260,-232,-215,-215,-215,-215,-215,-318,-318,-29972,-29965]} 1. d4 Nf6 2. c4 e6 3. g3 Bb4+ 4. Nd2 c5 5. a3 Bxd2+ 6. Qxd2 cxd4 7. Nf3 d5 {E00: Catalan Bogo-Indian (3 g3 Bb4+)} 8. cxd5 e5 {LiveBook: 3 Games} 9. Bg2 Nbd7 $146 {[%cal Bb8d7,Bd7b6,Bb6d5][%mdl 32] The position is equal.} ({Predecessor:} 9... Qxd5 10. Qg5 O-O 11. Qxe5 Nc6 12. Qxd5 Nxd5 13. O-O Re8 14. Rd1 Rxe2 15. Nxd4 Nxd4 16. Bxd5 {½-½ (25) Matlakov,M (2700)-Karjakin,S (2753) St Petersburg 2018}) 10. O-O O-O 11. Nh4 Nb6 12. e4 dxe3 $1 13. Qxe3 e4 14. Rd1 (14. Re1 $11) 14... Nbxd5 15. Qd4 Bg4 16. Re1 Re8 17. Bxe4 Nxe4 18. Rxe4 Rxe4 19. Qxe4 Nf6 20. Qa4 Qd5 {Threatens to win with ...Bd7.} 21. Be3 Rd8 {...Bh3 is the strong threat.} 22. Bxa7 $2 {[#]} (22. Ng2 $15) 22... Bh3 $1 $19 23. Re1 g5 24. f3 gxh4 $40 {[%mdl 128] Black is out for blood.} 25. Qxh4 Qf5 ({Inferior is} 25... Qxf3 26. Qxh3 Rd2 27. Rf1 $14) 26. Bd4 Rd6 27. Bc3 {[#]} (27. Be5 $142 Re6 28. f4) 27... h5 $1 28. Kf2 $2 (28. a4 $19) 28... Ng4+ {Precision: White = 23%, Black = 88%.} 0-1

[Event "CRO-ch 2019"]
[Site "Bjelovar"]
[Date "2019.04.11"]
[Round "11.2"]
[White "Jovanic, Ognjen"]
[Black "Jovanovic, Zoran"]
[Result "0-1"]
[WhiteElo "2515"]
[BlackElo "2511"]
[Annotator "TA"]
[PlyCount "132"]
[EventDate "2019.04.01"]
[EventType "tourn"]
[EventCountry "CRO"]
[SourceTitle "playchess.com"]
[Source "ChessBase"]
[SourceQuality "1"]

{[%evp 16,132,33,20,25,29,36,30,36,28,49,10,26,22,22,17,21,-11,0,0,0,-8,-12,-41,0,-136,-131,-140,-35,-21,-20,-23,-27,-38,-23,-20,-28,-108,-101,-175,-160,-162,-149,-252,-270,-266,-145,-209,-137,-152,-145,-123,-80,-71,-56,-122,-121,-118,-62,-125,-63,-70,-64,-64,0,-54,-7,-114,-114,-100,-127,-127,-114,-258,-265,-327,-310,-325,-311,-431,0,0,0,0,0,0,0,-80,-80,-80,-80,-73,-72,-29957,-29959,-29960,-29960,-29960,-29962,-29961,-29961,-29960,-29961,-9469,-6536,-29969,-29970,-29969,-29970,-29967,-29970,-29976,-29976,-29975,-29976,-29975,-29976,-29965,-12002]} 1. d4 d6 2. Nf3 g6 3. e4 Bg7 4. c3 Nd7 5. Bd3 e5 6. O-O Ngf6 7. Re1 O-O 8. Bg5 h6 9. Bh4 g5 {B07: Pirc Defence: Miscellaneous Systems} (9... Re8 10. Nbd2 Qe7 11. a4 a5 12. Nc4 Qf8 13. Bc2 Nh5 14. Qd2 b6 15. Rad1 Bf6 16. Bb3 Bxh4 17. Nxh4 {1-0 (57) Ragger,M (2687)-Delchev,A (2552) Skopje 2018}) 10. Bg3 Nh5 11. Na3 $146 ({Predecessor:} 11. dxe5 dxe5 12. Bc4 Nxg3 13. hxg3 Nb6 14. Bb3 Qxd1 15. Rxd1 Bg4 16. Nbd2 a5 17. a4 Rfd8 18. Nf1 Rxd1 19. Rxd1 Bd7 20. Ra1 Bc6 21. N3d2 Rd8 22. f3 Bf8 {½-½ (22) Rogic,D (2555)-Jovanovic,Z (2560) Babina Greda 2014}) 11... Nxg3 {White has an edge.} 12. hxg3 ({Much weaker is} 12. fxg3 g4 $15) 12... Re8 13. Nc2 Nf6 14. dxe5 dxe5 15. Ne3 c6 16. Qc2 Qc7 17. a4 a5 18. Nd2 Bf8 19. Nf5 Bd7 20. Nc4 (20. Qd1 $11) 20... Bxf5 $1 $17 21. exf5 {[#]} Bc5 (21... e4 $1 $17 {[%cal Re4d3][%mdl 512]} 22. Bf1 (22. Bxe4 Bc5) 22... Bc5) 22. Be4 $15 Rad8 23. Re2 Kg7 24. Rae1 b5 25. Ne3 Qb6 26. axb5 (26. Nf1 $11) 26... cxb5 $17 27. Rd1 (27. Kh1 $17 {was worth a try.}) 27... Rxd1+ $19 28. Nxd1 Rd8 $1 29. Kf1 (29. Ne3 $17) 29... b4 $1 30. cxb4 axb4 ({Weaker is} 30... Qxb4 31. Bc6 $17) (30... Bxb4 $19 31. Nc3 Bxc3 32. bxc3 Qa6) 31. b3 (31. Qb3 $17 {was necessary.}) 31... Bd4 32. Ne3 Bxe3 33. Rxe3 Qd4 34. Re1 Rd7 35. Re3 ({White should play} 35. Bf3 $15) 35... Ra7 $17 {White must now prevent ...Ra1+.} 36. Re1 Ra5 (36... Ra3 $17 37. Bc6 Ra1) 37. Bd3 (37. Qd3 $15) 37... Ra1 (37... Ng4 $17 38. Rb1 h5 39. f6+ Nxf6) 38. Qc4 $15 Rxe1+ (38... Qxc4 {keeps more tension.} 39. Bxc4 Rxe1+ 40. Kxe1 h5 41. f3 g4) 39. Kxe1 Nd7 (39... Qxc4 $15 40. Bxc4 g4) 40. Ke2 (40. Qxd4 $11 exd4 41. g4) 40... Nc5 (40... g4 {with more complications.} 41. Qc6 Nf6 42. Bc2 Nd5 43. Qc4 Nc3+) 41. Qxd4 (41. g4 $1 $11 {was the only way to keep the balance.}) 41... exd4 $11 {[%mdl 4096] Endgame KB-KN} 42. Bc4 h5 43. Bd5 Kf6 44. Bc4 (44. Kd2 $17) 44... Ke7 $1 $19 ({Worse is} 44... Kxf5 45. Bxf7 Ke4 46. Bg6+ Ke5 47. Bf7 $11) 45. Bd5 f6 $1 46. Bc4 Kd6 47. f4 gxf4 $2 (47... g4 $19 48. Bb5 Ne4) 48. gxf4 $11 h4 49. Kf3 Nb7 50. Ke4 Kc5 51. Be6 (51. Bd3 $11 {remains equal.}) 51... Nd6+ $1 $17 52. Kd3 Nb5 53. Bc4 {[#] Threatens to win with Bxb5.} Nc3 $1 {[%cal Rc3d5] Hoping for ...Nd5.} 54. Be6 $2 {[%mdl 8192] [#]} (54. Ba6 $17) 54... Nd5 $1 {[%cal Rd5e3]} 55. Ke4 {[#]} d3 $1 {[%mdl 576] Decoy} 56. Kxd3 Nxf4+ {[%mdl 64] Double Attack} 57. Ke4 Nxg2 58. Kf3 h3 59. Kg3 Kd6 60. Bc8 Ke5 {Black mates.} 61. Kxh3 Ne3 62. Ba6 Kf4 63. Kh4 Nxf5+ 64. Kh5 Nd4 65. Kg6 Ke5 66. Bc4 f5 {Accuracy: White = 32%, Black = 55%.} 0-1

[Event "CRO-ch 2019"]
[Site "Bjelovar"]
[Date "2019.04.11"]
[Round "11.3"]
[White "Stevic, Hrvoje"]
[Black "Martinovic, Sasa"]
[Result "1/2-1/2"]
[WhiteElo "2586"]
[BlackElo "2555"]
[Annotator "TA"]
[PlyCount "38"]
[EventDate "2019.04.01"]
[EventType "tourn"]
[EventCountry "CRO"]
[SourceTitle "playchess.com"]
[Source "ChessBase"]
[SourceQuality "1"]

{[%evp 20,23,84,12,2,4]} 1. c4 c5 2. g3 g6 3. Bg2 Bg7 4. Nc3 Nc6 5. Nf3 Nf6 6. O-O O-O 7. d4 cxd4 8. Nxd4 d6 9. Nxc6 bxc6 10. Bxc6 Bh3 11. Bg2 ({White should play} 11. Bxa8 $16 Qxa8 12. f3) 11... Bxg2 $11 {E65: King's Indian: Fianchetto: 6...c5 7 0-0 without d5 by White} 12. Kxg2 {Predecessor:} Rc8 $146 13. Qd3 Ng4 14. Bf4 Qa5 15. Nd5 Rfe8 16. h3 Ne5 17. Bxe5 Bxe5 18. b4 Qa6 19. Rac1 Qxa2 {1-0 (40) Wojtaszek,R (2705)-Potkin,V (2684) Warsaw 2011} 1/2-1/2

[Event "CRO-ch 2019"]
[Site "Bjelovar"]
[Date "2019.04.11"]
[Round "11.4"]
[White "Saric, Ivan"]
[Black "Kovacevic, Blazimir"]
[Result "1-0"]
[WhiteElo "2691"]
[BlackElo "2475"]
[Annotator "TA"]
[PlyCount "81"]
[EventDate "2019.04.01"]
[EventType "tourn"]
[EventCountry "CRO"]
[SourceTitle "playchess.com"]
[Source "ChessBase"]
[SourceQuality "1"]

{[%evp 15,81,27,21,28,37,20,40,18,44,18,47,33,43,43,47,44,46,45,41,40,37,31,42,47,53,41,60,61,62,55,52,56,59,56,166,181,176,181,173,189,189,168,193,167,185,182,192,172,345,345,345,345,339,324,345,288,362,188,321,356,780,685,612,341,1057,1010,3067,2689]} 1. e4 e6 2. d4 d5 3. Nc3 Bb4 4. e5 c5 5. a3 Bxc3+ 6. bxc3 Qc7 7. Qg4 f6 8. Nf3 c4 9. Be2 {C18: French: 3 Nc3 Bb4: Main line: 7 h4 and 7 Qg4} (9. h4 Nc6 10. Bf4 h5 11. Qg3 Qf7 12. Be2 Bd7 13. O-O O-O-O 14. a4 Nge7 15. a5 Nf5 16. Qh2 Rdg8 {0-1 (53) Anand,V (2803)-Ponkratov,P (2604) Berlin 2015}) (9. h4 Nc6 10. h5 fxe5 11. h6 g6 12. Nxe5 Nxe5 13. Qf4 Ne7 14. Qxe5 Qxe5+ 15. dxe5 Rf8 16. a4 Nc6 {½-½ (60) Saric,I (2609)-Kovacevic,B (2483) Valpovo 2017}) 9... Nc6 {[%cal Rf6e5]} 10. Qg3 Qf7 11. O-O {White is slightly better.} Bd7 12. exf6 Nxf6 13. Ne5 Nxe5 14. dxe5 Ne4 15. Qe3 $1 b6 16. a4 O-O $146 ({Predecessor:} 16... Qf5) 17. a5 Nc5 18. Ba3 Qg6 19. Ra2 Rfc8 20. Rfa1 Rc6 21. Bb4 {[#] aiming for axb6.} Rac8 22. axb6 axb6 23. h4 h6 24. h5 Qe4 (24... Qf7 $14) 25. Qxe4 $18 Nxe4 26. Ra7 R6c7 27. Bg4 {[#] Threatens to win with Bd6.} Nc5 28. f3 Kf7 29. Kf2 Ke8 30. Ke3 Kd8 31. Kd4 Rxa7 $2 (31... Ke8 32. f4 Kf7) 32. Rxa7 Ke8 33. f4 Kd8 34. Bh3 Ke8 35. g3 Rc6 36. Ra8+ (36. g4 $142) 36... Kf7 (36... Rc8 {keeps fighting.} 37. Ra7 Kd8) 37. g4 g6 $2 (37... Rc7 38. g5 Rc8) 38. hxg6+ Kxg6 39. Rf8 Ne4 $2 (39... Kg7) 40. f5+ Kg5 41. Be7+ {Accuracy: White = 79%, Black = 32%.} 1-0

[Event "CRO-ch 2019"]
[Site "Bjelovar"]
[Date "2019.04.11"]
[Round "11.5"]
[White "Zelcic, Robert"]
[Black "Saric, Ante"]
[Result "0-1"]
[WhiteElo "2520"]
[BlackElo "2530"]
[Annotator "ChessBase"]
[PlyCount "146"]
[EventDate "2019.04.01"]
[EventType "tourn"]
[EventCountry "CRO"]
[SourceTitle "playchess.com"]
[Source "ChessBase"]
[SourceQuality "1"]
[TimeControl "40/5400+30:1800+30"]

1. e4 {[%emt 0:00:30]} c5 {[%emt 0:00:30]} 2. Nf3 {[%emt 0:00:00]} e6 {[%emt 0:00:30]} 3. Nc3 {[%emt 0:01:00]} a6 {[%emt 0:00:30]} 4. d4 {[%emt 0:00:00]} cxd4 {[%emt 0:00:00]} 5. Nxd4 {[%emt 0:00:00]} Qc7 {[%emt 0:00:00]} 6. Bd3 {[%emt 0:00:30]} Nf6 {[%emt 0:00:30]} 7. O-O {[%emt 0:00:00]} d6 {[%emt 0:00:30]} 8. Qf3 {[%emt 0:01:00]} Nbd7 {[%emt 0:02:30]} 9. Qg3 {[%emt 0:00:30]} b5 {[%emt 0:03:30]} 10. a3 {[%emt 0:07:30]} g6 {[%emt 0:04:30]} 11. Kh1 {[%emt 0:06:30]} Nh5 {[%emt 0:06:30]} 12. Qh4 {[%emt 0:07:30]} Bg7 {[%emt 0:06:30]} 13. Be3 {[%emt 0:01:30]} O-O {[%emt 0:08:30]} 14. f4 {[%emt 0:04:30]} Bb7 {[%emt 0:01:30]} 15. f5 {[%emt 0:04:30]} Rae8 {[%emt 0:14:30]} 16. fxe6 {[%emt 0:03:30]} fxe6 {[%emt 0:00:30]} 17. Rxf8+ {[%emt 0:00:30]} Nxf8 {[%emt 0:04:30]} 18. Rf1 {[%emt 0:00:30]} Qe7 {[%emt 0:10:30]} 19. Bg5 {[%emt 0:02:30]} Qd7 {[%emt 0:00:30]} 20. Nb3 {[%emt 0:14:30]} h6 {[%emt 0:04:30]} 21. Be3 {[%emt 0:00:30]} Qe7 {[%emt 0:01:30]} 22. Qh3 {[%emt 0:02:30]} e5 {[%emt 0:05:30]} 23. a4 {[%emt 0:01:30]} Ne6 {[%emt 0:05:57]} 24. axb5 {[%emt 0:01:30]} Nef4 {[%emt 0:01:05]} 25. Bxf4 {[%emt 0:14:30]} Nxf4 {[%emt 0:00:12]} 26. Bc4+ {[%emt 0:06:08]} Kh7 {[%emt 0:00:19]} 27. Qe3 {[%emt 0:00:26]} axb5 {[%emt 0:00:11]} 28. Bxb5 {[%emt 0:01:24]} Rc8 {[%emt 0:00:13]} 29. Rd1 {[%emt 0:03:46]} Qg5 {[%emt 0:05:41]} 30. Qg3 {[%emt 0:02:15]} Qxg3 {[%emt 0:01:14]} 31. hxg3 {[%emt 0:00:02]} Nh5 {[%emt 0:00:08]} 32. Na5 {[%emt 0:08:19]} Ba8 {[%emt 0:01:13]} 33. Kh2 {[%emt 0:00:12]} Nf6 {[%emt 0:01:01]} 34. Rxd6 {[%emt 0:01:52]} Nxe4 {[%emt 0:00:19]} 35. Nxe4 {[%emt 0:00:04]} Bxe4 {[%emt 0:00:03]} 36. Bd3 {[%emt 0:01:20]} Bxd3 {[%emt 0:01:56]} 37. cxd3 {[%emt 0:00:00]} Rc2 {[%emt 0:00:57]} 38. b4 {[%emt 0:00:25]} Rb2 {[%emt 0:00:44]} 39. Nc6 {[%emt 0:00:37]} h5 {[%emt 0:00:25]} 40. Rd7 {[%emt 0:00:00]} Kh6 {[%emt 0:00:00]} 41. Rd5 {[%emt 0:05:10]} Bf6 {[%emt 0:22:01]} 42. b5 {[%emt 0:00:00]} Rb3 {[%emt 0:00:50]} 43. Kg1 {[%emt 0:10:00]} Kg7 {[%emt 0:00:22]} 44. Kf2 {[%emt 0:07:13]} Kf7 {[%emt 0:00:19]} 45. Na5 {[%emt 0:00:17]} Rb2+ {[%emt 0:02:56]} 46. Kf3 {[%emt 0:00:45]} Ke6 {[%emt 0:08:37]} 47. Nc4 {[%emt 0:06:48]} Rb1 {[%emt 0:03:31]} 48. Rd6+ {[%emt 0:00:00]} Kf5 {[%emt 0:00:53]} 49. b6 {[%emt 0:00:00]} Bg5 {[%emt 0:02:11]} 50. Rc6 {[%emt 0:00:27]} Rb3 {[%emt 0:02:22]} 51. Nd6+ {[%emt 0:06:19]} Ke6 {[%emt 0:00:02]} 52. Ne4+ {[%emt 0:00:00]} Kf5 {[%emt 0:00:06]} 53. Nd6+ {[%emt 0:01:17]} Ke6 {[%emt 0:00:02]} 54. Nc4+ {[%emt 0:00:42]} Kf5 {[%emt 0:00:33]} 55. Ke2 {[%emt 0:00:20]} Be7 {[%emt 0:02:03]} 56. Ne3+ {[%emt 0:00:21]} Kg5 {[%emt 0:00:01]} 57. Nd5 {[%emt 0:00:56]} Bf8 {[%emt 0:00:08]} 58. Rc8 {[%emt 0:02:17]} Bd6 {[%emt 0:00:44]} 59. Rc6 {[%emt 0:00:24]} Bf8 {[%emt 0:00:01]} 60. Nc3 {[%emt 0:00:08]} Rb2+ {[%emt 0:00:58]} 61. Kf3 {[%emt 0:00:12]} Be7 {[%emt 0:00:32]} 62. Re6 {[%emt 0:01:10]} Bd8 {[%emt 0:00:36]} 63. Nd5 {[%emt 0:00:21]} Kf5 {[%emt 0:00:24]} 64. Rd6 {[%emt 0:00:44]} Bg5 {[%emt 0:00:05]} 65. Nc3 {[%emt 0:00:32]} Be7 {[%emt 0:00:26]} 66. Rc6 {[%emt 0:00:22]} g5 {[%emt 0:00:13]} 67. g4+ {[%emt 0:00:47]} hxg4+ {[%emt 0:00:02]} 68. Kg3 {[%emt 0:00:23]} Rb3 {[%emt 0:01:08]} 69. Kh2 {[%emt 0:01:23]} Bd8 {[%emt 0:00:01]} 70. Ne4 {[%emt 0:00:43]} Rxb6 {[%emt 0:01:23]} 71. Ng3+ {[%emt 0:00:31]} Kf4 {[%emt 0:00:03]} 72. Rc8 {[%emt 0:00:10]} Rh6+ {[%emt 0:00:05]} 73. Kg1 {[%emt 0:00:10]} Bb6+ {[%emt 0:00:10]} 0-1

[Event "CRO-ch 2019"]
[Site "Bjelovar"]
[Date "2019.04.11"]
[Round "11.6"]
[White "Kurajica, Bojan"]
[Black "Brkic, Ante"]
[Result "1/2-1/2"]
[WhiteElo "2522"]
[BlackElo "2560"]
[Annotator "RC"]
[PlyCount "123"]
[EventDate "2019.04.01"]
[EventType "tourn"]
[EventCountry "CRO"]
[SourceTitle "playchess.com"]
[Source "ChessBase"]
[SourceQuality "1"]
[TimeControl "40/5400+30:1800+30"]

1. Nf3 {[%emt 0:00:30]} d5 {[%emt 0:00:30]} 2. b3 {[%emt 0:00:00]} c5 {[%emt 0:03:30]} 3. e3 {[%emt 0:00:00]} Nf6 {[%emt 0:01:30]} 4. Bb2 {[%emt 0:00:30]} e6 {[%emt 0:00:30]} 5. Bb5+ {[%emt 0:00:30]} Bd7 {[%emt 0:00:30]} 6. Bxd7+ {[%emt 0:01:30]} Nbxd7 {[%emt 0:00:30]} 7. c4 {[%emt 0:01:30]} Be7 {[%emt 0:10:30]} 8. O-O {[%emt 0:03:30]} O-O {[%emt 0:01:30]} 9. Nc3 {[%emt 0:03:30]} Rc8 {[%emt 0:00:30]} 10. Qe2 {[%emt 0:06:30]} dxc4 {[%emt 0:28:30]} 11. bxc4 {[%emt 0:00:00]} a6 {[%emt 0:00:30]} 12. Rab1 {[%emt 0:10:00]} Qc7 {[%emt 0:00:30]} 13. Ba1 {[%emt 0:08:30]} Bd6 {[%emt 0:08:30]} 14. d3 {[%emt 0:01:30]} Qc6 {[%emt 0:08:30]} 15. Rb3 {[%emt 0:05:30]} b6 {[%emt 0:01:30]} 16. Rfb1 {[%emt 0:06:30]} Bc7 {[%emt 0:01:30]} 17. h3 {[%emt 0:04:30]} Rfd8 {[%emt 0:05:30]} 18. Ne1 {[%emt 0:04:30]} Qd6 {[%emt 0:01:30]} 19. g3 {[%emt 0:02:30]} Qc6 {[%emt 0:03:30]} 20. f4 {[%emt 0:03:30]} e5 {[%emt 0:01:04]} 21. Qf3 {[%emt 0:00:30]} Qd6 {[%emt 0:01:10]} 22. Kg2 {[%emt 0:00:30]} Re8 {[%emt 0:01:34]} 23. R3b2 {[%emt 0:06:30]} Nf8 {[%emt 0:10:14]} 24. f5 {[%emt 0:07:30]} e4 {[%emt 0:00:37]} 25. dxe4 {[%emt 0:01:30]} N8d7 {[%emt 0:00:04]} 26. Rd1 {[%emt 0:01:30]} Qe7 {[%emt 0:00:11]} 27. Rbd2 {[%emt 0:02:47]} Ne5 {[%emt 0:00:13]} 28. Qe2 {[%emt 0:02:10]} Nc6 {[%emt 0:00:02]} 29. Nd5 {[%emt 0:01:17]} Qxe4+ {[%emt 0:00:56]} 30. Qf3 {[%emt 0:00:13]} Bd8 {[%emt 0:03:37]} 31. Bxf6 {[%emt 0:00:15]} gxf6 {[%emt 0:00:44]} 32. Rc1 {[%emt 0:03:45]} Qxf3+ {[%emt 0:02:39]} 33. Nxf3 {[%emt 0:00:14]} Nb4 {[%emt 0:00:03]} 34. Kf2 {[%emt 0:02:38]} Re4 {[%emt 0:00:22]} 35. Nf4 {[%emt 0:03:21]} Nc6 {[%emt 0:01:07]} 36. Rd7 {[%emt 0:01:54]} Kf8 {[%emt 0:02:50]} 37. Nd5 {[%emt 0:03:21]} Nb4 {[%emt 0:00:06]} 38. Rd1 {[%emt 0:00:57]} Nxd5 {[%emt 0:00:52]} 39. R1xd5 {[%emt 0:01:17]} Bc7 {[%emt 0:00:25]} 40. Nd2 {[%emt 0:00:00]} Re7 {[%emt 0:00:00]} 41. a4 {[%emt 0:05:21]} Ke8 {[%emt 0:04:10]} 42. Rxe7+ {[%emt 0:00:30]} Kxe7 {[%emt 0:00:00]} 43. Ne4 {[%emt 0:02:30]} Be5 {[%emt 0:07:00]} 44. g4 {[%emt 0:04:30]} h6 {[%emt 0:01:30]} 45. Rd1 {[%emt 0:04:11]} Rb8 {[%emt 0:05:38]} 46. Kf3 {[%emt 0:00:46]} Rh8 {[%emt 0:09:20]} 47. h4 {[%emt 0:03:25]} Rb8 {[%emt 0:00:05]} 48. Rd3 {[%emt 0:06:02]} b5 {[%emt 0:03:57]} 49. axb5 {[%emt 0:04:22]} axb5 {[%emt 0:00:01]} 50. cxb5 {[%emt 0:00:06]} Rxb5 {[%emt 0:01:37]} 51. Rd5 {[%emt 0:00:13]} Rb3 {[%emt 0:01:33]} 52. Nxc5 {[%emt 0:01:40]} Rb5 {[%emt 0:00:07]} 53. e4 {[%emt 0:00:15]} Bd6 {[%emt 0:01:22]} 54. Nd3 {[%emt 0:00:05]} Rb1 {[%emt 0:00:18]} 55. Ra5 {[%emt 0:02:02]} Rh1 {[%emt 0:00:16]} 56. g5 {[%emt 0:00:55]} Rh3+ {[%emt 0:01:51]} 57. Ke2 {[%emt 0:00:03]} Rxh4 {[%emt 0:00:31]} 58. gxf6+ {[%emt 0:00:14]} Kxf6 {[%emt 0:00:07]} 59. e5+ {[%emt 0:01:51]} Bxe5 {[%emt 0:00:03]} 60. Rxe5 {[%emt 0:00:32]} Rh2+ {[%emt 0:00:57]} 61. Kd1 {[%emt 0:00:16]} Rh5 {[%emt 0:00:25]} 62. Ke2 {[%emt 0:01:42]} 1/2-1/2